000 004530000a22001810004500
003 MACL
005 20151231121308.0
008 151231b xxu||||| |||| 00| 0 eng d
040 _aMACL
_cMACL
041 _aEnglish
082 _a331/GIR
100 _aGiri,V V
_925481
245 _aLabour Problems In indian Industry
260 _bAsian Publishers
_c1958
_aCalcutta
350 _a18
650 _aLabour & Social
_925482
942 _cBK
_k331/Giri
_2ddc
999 _c34889
_d34889